| Tag |
First Indicator |
Second Indicator |
Subfields |
| LEADER |
00000cam a22000007i 4500 |
| 001 |
in00005772425 |
| 005 |
20260327175124.9 |
| 006 |
m o d |
| 007 |
cr cnu---unuuu |
| 008 |
231108t20242024enka ob 001 0 eng d |
| 040 |
|
|
|a YDX
|b eng
|e rda
|c YDX
|d OPELS
|d OCLKB
|d OCLCO
|d UKAHL
|d YDX
|d OCLCF
|d OCLCO
|d GZM
|d OCLCA
|d OCLCL
|d N$T
|d OCLCL
|
| 019 |
|
|
|a 1409105996
|
| 020 |
|
|
|a 0323985386
|q electronic book
|
| 020 |
|
|
|a 9780323985383
|q (electronic bk.)
|
| 020 |
|
|
|z 9780323999137
|
| 020 |
|
|
|z 0323999131
|
| 035 |
|
|
|a (OCoLC)1407834750
|z (OCoLC)1409105996
|
| 050 |
|
4 |
|a RJ216
|b .N48 2024
|
| 050 |
|
4 |
|a QP246
|
| 060 |
|
4 |
|a WS 125
|
| 082 |
0 |
4 |
|a 649.33
|2 23/eng/20231229
|
| 082 |
0 |
4 |
|a 612.664
|2 23/eng/20231120
|
| 049 |
|
|
|a TXAM
|
| 100 |
1 |
|
|a Neu, Josef,
|e author.
|
| 245 |
1 |
4 |
|a The science of human milk /
|c Josef Neu.
|
| 264 |
|
1 |
|a London ;
|a San Diego, CA :
|b Academic Press, an imprint of Elsevier,
|c [2024]
|
| 264 |
|
4 |
|c ©2024
|
| 300 |
|
|
|a 1 online resource (ix, 162 pages) :
|b illustrations
|
| 336 |
|
|
|a text
|b txt
|2 rdacontent
|
| 337 |
|
|
|a computer
|b c
|2 rdamedia
|
| 338 |
|
|
|a online resource
|b cr
|2 rdacarrier
|
| 504 |
|
|
|a Includes bibliographical references and index.
|
| 588 |
|
|
|a Description based on online resource; title from digital title page (viewed on December 29, 2023).
|
| 650 |
|
0 |
|a Breast milk.
|
| 650 |
|
2 |
|a Milk, Human
|
| 650 |
|
6 |
|a Lait maternel.
|
| 650 |
|
7 |
|a Breast milk
|2 fast
|
| 655 |
|
7 |
|a Electronic books.
|2 local
|
| 710 |
2 |
|
|a ScienceDirect (Online service)
|
| 776 |
0 |
8 |
|i Print version:
|t SCIENCE OF HUMAN MILK.
|d [S.l.] : ELSEVIER ACADEMIC PRESS, 2023
|z 0323999131
|w (OCoLC)1349274446
|
| 856 |
4 |
0 |
|u http://proxy.library.tamu.edu/login?url=https://www.sciencedirect.com/science/book/9780323999137
|z Connect to the full text of this electronic book
|t 0
|
| 955 |
|
|
|a Elsevier ScienceDirect 2026-2027
|
| 994 |
|
|
|a 92
|b TXA
|
| 999 |
f |
f |
|i d5abf1be-f2f5-48b1-9681-e901dfa066f0
|s 033d919f-5ff1-4714-97ab-b3ca251f9385
|t 0
|
| 952 |
f |
f |
|a Texas A&M University
|b College Station
|c Electronic Resources
|s www_evans
|d Available Online
|t 0
|e RJ216 .N48 2024
|h Library of Congress classification
|
| 998 |
f |
f |
|a RJ216 .N48 2024
|t 0
|l Available Online
|